The Tertiary floras of Alaska / (Record no. 27280)

MARC details
000 -LEADER
fixed length control field 01060cam a22002771i 4500
001 - CONTROL NUMBER
control field gs 36000242
003 - CONTROL NUMBER IDENTIFIER
control field DLC
005 - DATE AND TIME OF LATEST TRANSACTION
control field 20260227111341.0
008 - FIXED-LENGTH DATA ELEMENTS--GENERAL INFORMATION
fixed length control field 790402s1936 dcuabf 001 0 eng
010 ## - LIBRARY OF CONGRESS CONTROL NUMBER
LC control number gs 36000242
035 ## - SYSTEM CONTROL NUMBER
System control number (OCoLC)4812181
040 ## - CATALOGING SOURCE
Original cataloging agency DLC
Transcribing agency CoU-DA
Modifying agency OCoLC
-- DLC
042 ## - AUTHENTICATION CODE
Authentication code premarc
050 00 - LIBRARY OF CONGRESS CALL NUMBER
Classification number QE75
Item number .P9 no. 182
086 0# - GOVERNMENT DOCUMENT CLASSIFICATION NUMBER
Classification number I 19.16:182
100 1# - MAIN ENTRY--PERSONAL NAME
Personal name Hollick, Charles Arthur,
Dates associated with a name 1857-1933.
245 14 - TITLE STATEMENT
Title The Tertiary floras of Alaska /
Statement of responsibility, etc. by Arthur Hollick ; with a chapter on The geology of the Tertiary deposits by Philip S. Smith.
260 ## - PUBLICATION, DISTRIBUTION, ETC.
Place of publication, distribution, etc. Washington :
Name of publisher, distributor, etc. U.S. Gov't. Print. Off.,
Date of publication, distribution, etc. 1936.
300 ## - PHYSICAL DESCRIPTION
Extent iii, 185 p. :
Other physical details 122 plates, fold map (part col., in pocket) ;
Dimensions 29 cm.
490 1# - SERIES STATEMENT
Series statement Geological Survey (U.S.). Geological Survey professional paper ;
Volume/sequential designation 182
500 ## - GENERAL NOTE
General note At head of title: United States Department of the Interior.
504 ## - BIBLIOGRAPHY, ETC. NOTE
Bibliography, etc. note Includes bibliographical references.
650 #0 - SUBJECT ADDED ENTRY--TOPICAL TERM
Topical term or geographic name entry element Paleobotany
Chronological subdivision Tertiary.
650 #0 - SUBJECT ADDED ENTRY--TOPICAL TERM
Topical term or geographic name entry element Paleobotany
Geographic subdivision Alaska.
830 #0 - SERIES ADDED ENTRY--UNIFORM TITLE
Uniform title Geological Survey professional paper ;
Volume/sequential designation 182.

No items available.

Powered by Koha